|
|
|
|
| LEADER |
00000nam0a2200000 4500 |
| 001 |
28543 |
| 005 |
20231030202856.0 |
| 010 |
|
|
|a 5861640025
|
| 035 |
|
|
|a (RuTPU)RU\TPU\book\28799
|
| 035 |
|
|
|a BOOK00028874
|
| 090 |
|
|
|a 28543
|
| 100 |
|
|
|a 20011209d1993 u y0rusy50 ca
|
| 101 |
0 |
|
|a rus
|
| 102 |
|
|
|a RU
|
| 105 |
|
|
|a a 000|y
|
| 200 |
1 |
|
|a Пространство
|e В 3-х частях
|f В. Ю. Колосков
|h Ч. 1
|i Системы отчета
|
| 210 |
|
|
|a Москва
|c Белка
|d 1993
|
| 215 |
|
|
|a 37 с.
|c ил.
|
| 320 |
|
|
|a Библиогр.: с. 36.
|
| 510 |
1 |
|
|a Системы отчета и системы описания
|
| 610 |
1 |
|
|a физика
|
| 610 |
1 |
|
|a философские проблемы
|
| 610 |
1 |
|
|a пространство
|
| 610 |
1 |
|
|a плоское пространство
|
| 610 |
1 |
|
|a искривленное пространство
|
| 610 |
1 |
|
|a системы отчета
|
| 610 |
1 |
|
|a геометрия
|
| 610 |
1 |
|
|a синхронизация
|
| 610 |
1 |
|
|a время
|
| 675 |
|
|
|a 530.1
|v 3
|
| 700 |
|
1 |
|a Колосков
|b В. Ю
|
| 801 |
|
0 |
|a RU
|b 63413507
|c 20011209
|g PSBO
|
| 942 |
|
|
|c BK
|